000 01330nam a2200361 a 4500
001 vtls000975497
003 NLI
005 20210627095937.0
008 120209m1960uuuuxxu i000 0 eng
039 9 _y201202091837
_zVLOAD
040 _aNLI
_cVTLS-2010_FOD
_eAACR2
041 0 _aeng
044 _axxu
082 0 4 _a016.61
222 0 _aCumulated index medicus
245 0 0 _aCumulated index medicus /
_cNational Library of Medicine
260 _aBethesda, Md. :
_bU.S. Dept. of Health and Human Services, Public Health Service, National Institutes of Health, National Library of Medicine,
_c1960
300 _a-v. ;
_c31 cm.
310 _aAnnual
440 0 _a1980- : NIH publication ;
_vno.72-259
_9708074
500 _aDescription based on: Vol. 21 (1980)
500 _aIncludes author indexes
500 _aLibrary has vol. 11
515 _aVols. for 1960-1964 issued in 3 pts.: Pt. 1, Author index; pts. 2-3, Subject index; 1964- number of parts varies
650 0 _aMedicine
_vIndexes
650 0 _aBibliography of Medicine
_9708075
650 0 _aMedecine
_xBibliographie
_9708076
710 2 _aAmerican Medical Association
_bNational Library of Medicine (U.S.)
_9915409
887 _a
901 _aAD 40890
_b13.01.1972
_9v.11,no.72-259
902 _aU.S 016.61 Un 3 cu (1970)
942 _2ddc
_cBKS
999 _c798917
_d798917